Estatísticas para Qual destes Países?

Clique aqui para jogar o quiz

Estatísticas Gerais

  • Esse quiz foi jogado 333 vezes
    (249 desde o último reset)
  • A pontuação média é 4 de 8

Estatísticas das Respostas

QuestãoResposta% Correto
Com uma área de menos de 0,5 quilômetro quadrado, qual é o menor país do mundo?
93%
Qual destes países possui 3 capitais nacionais?
81%
Suposto lar de um "monstro" o Lago Ness é um dos muitos lagos de qual país?
60%
Qual destes NÃO é um dos 13 países atravessados pela linha do Equador?
51%
Lar de línguas como Tok Pisin, Hiri Motu e o Crioulo Alemão Rabaul, qual é o país com maior diversidade linguística do mundo?
49%
Graças aos seus territórios além-mar, qual destes países tecnicamente abrange 12 fusos horários?
33%
Qual país tem a maior comunidade de praticantes do islão no mundo?
20%
Graças às tumbas construídas pelo antigo reino de Kush, qual país abriga - de longe - o maior número de pirâmides no mundo?
15%

Distribuição das Pontuações

Percentil de Números Respondidos

Porcentagem de Pessoas com Cada Pontuação

Sua Pontuação Histórica

Você não jogou esse quiz desde o último reset